El Coronel Ocell songs for a new world : textos de Hristo Boitxev i Jason Robert Brown textos de Hristo Boitxev i Jason Robert Brown
Descripción Física:
1 targeta postal : il·lustracions ; 15 x 11 cm
Colección:
Factoria IT. Nous creadors de Teatre i Dansa
; 15/16
Idioma:
Catalán
MARC
| LEADER | 00000nkm a2200000 a 4500 | ||
|---|---|---|---|
| 001 | 25798 | ||
| 008 | 220607b spa||||| |||| 00| 0 cat d | ||
| 017 | |a DL B 1746-2016 | ||
| 080 | |a NBM-13-202 | ||
| 245 | |a El Coronel Ocell songs for a new world : |b textos de Hristo Boitxev i Jason Robert Brown | ||
| 260 | |a Barcelona : |b Diputació de Barcelona. Institut del Teatre, |c 2016 | ||
| 300 | |a 1 targeta postal : |b il·lustracions ; |c 15 x 11 cm | ||
| 490 | |a Factoria IT. Nous creadors de Teatre i Dansa ; |v 15/16 | ||
| 650 | 0 | |9 21513 |a Teatre |x Barcelona (Catalunya) |2 Arxiu | |
| 655 | 0 | |a Targetes postals |9 52685 | |
| 710 | 1 | |a Institut del Teatre (Barcelona, Catalunya) |9 52662 | |
| 942 | |2 udc |n 1 |c ARXIU | ||
| 952 | |0 0 |1 0 |4 0 |6 NBM13202 |7 1 |9 62249 |a Arxiu |b Arxiu |d 2022-06-07 |l 0 |o NBM-13-202 |p 25798 |r 2022-06-07 00:00:00 |w 2022-06-07 |y ARXIU | ||
| 999 | |c 81916 |d 81916 | ||